000 00452nam a2200157Ia 4500
008 220216s9999 xx 000 0 und d
100 _aMatsunaga M
_cet al
245 0 _aAcetylation of wood using supercritical carbon dioxide
260 _bJournal of Tropical Forest Science
_c2016
300 _a132-138
650 _aAnti-swelling efficiency
650 _aBulking
650 _aDimensional stability
650 _aHevea brasiliensis
942 _cJS
999 _c53749
_d53749